|
|
|
|
| LEADER |
00000cam a2200000 a 4500 |
| 001 |
vtls008186850 |
| 003 |
SK-MaSNL |
| 005 |
20260302074051.0 |
| 008 |
251124s2005 xr a f 001 0 cze |
| 020 |
|
|
|a 8020412263
|q (viaz.)
|
| 040 |
|
|
|a SNK
|b slo
|c SNK
|e AACR2
|
| 041 |
0 |
|
|a cze
|
| 043 |
|
|
|a e------
|
| 044 |
|
|
|a xr
|c CZ
|
| 072 |
|
7 |
|a 398
|x Folklór
|2 konspekt
|
| 072 |
|
7 |
|a 25
|x Náboženstvá staroveku
|2 konspekt
|
| 080 |
|
|
|a 398.44
|2 2001
|
| 080 |
|
|
|a 257
|2 2001
|
| 080 |
|
|
|a 27-526.6
|2 2001
|
| 080 |
|
|
|a 7.04
|2 2001
|
| 080 |
|
|
|a 316.72/.75
|2 2001
|
| 080 |
|
|
|a (0.062)
|2 2001
|
| 100 |
1 |
|
|a Koutský, Karel,
|d 1977-
|4 aut
|9 83699
|
| 245 |
1 |
0 |
|a Draci středověkého světa
|c Karel Koutský ; [ilustroval Zdirad Čech]
|
| 250 |
|
|
|a 1. vyd.
|
| 260 |
|
|
|a Praha
|b Mladá fronta
|c 2005
|
| 300 |
|
|
|a 245 s.
|b ilustr.
|c 21 cm
|
| 490 |
1 |
|
|a Kolumbus
|v sv. 177
|
| 650 |
0 |
7 |
|a draci
|z Európa
|y stredovek
|2 SNKPH
|9 739237
|
| 650 |
0 |
7 |
|a európska mytológia
|2 SNKPH
|9 79949
|
| 650 |
0 |
7 |
|a kresťanská symbolika
|2 SNKPH
|9 1958
|
| 650 |
0 |
7 |
|a námety, témy a motívy
|2 SNKPH
|9 2883
|
| 650 |
0 |
7 |
|a kultúra a spoločnosť
|z Európa
|y stredovek
|2 SNKPH
|9 616360
|
| 655 |
|
7 |
|a populárno-náučné publikácie
|2 SNKPH
|9 70460
|
| 700 |
1 |
|
|a Čech, Zdirad J. K.,
|d 1949-
|4 ill
|9 120092
|
| 830 |
|
0 |
|a Kolumbus
|9 292308
|
| 919 |
|
|
|a 80-204-1226-3
|
| 999 |
|
|
|c 1163547
|d 1165477
|
| 952 |
|
|
|t snkKOU 29
|a SNKUST
|b SNKUST
|y PREZ
|7 0
|p 17A0464881
|o snkIC 132939
|i snk2006/2276
|8 3
|g 12.41
|0 0
|1 0
|4 0
|d 2006-02-03
|l 0
|r 2025-03-20 00:00:00
|w 2026-02-24
|